Normal view MARC view

Entry Topical Term

Number of records used in: 1

001 - CONTROL NUMBER

  • control field: 29169

003 - CONTROL NUMBER IDENTIFIER

  • control field:

005 - DATE AND TIME OF LATEST TRANSACTION

  • control field: 20230830145140.0

008 - FIXED-LENGTH DATA ELEMENTS

  • fixed length control field: 230830|| aca||aabn | a|a d

040 ## - CATALOGING SOURCE

  • Original cataloging agency:
  • Transcribing agency:

150 ## - HEADING--TOPICAL TERM

  • Topical term or geographic name entry element: Eletric Power

670 ## - SOURCE DATA FOUND

  • Source citation: Work cat.: ()14709: GUPTER, B. R. aut 29168, Electric Power /, 2008

National Library of Nigeria OPAC is powered by Koha